• 首页
  • 本馆介绍
  • 公告通知
  • 最新文献
  • 馆藏检索
  • 电子资源
  • 读者导购
  • 参考咨询
  • 我的图书馆
  • 登录
  • 详细信息显示
  • 放入我的书架
  • 预约/预借图书
  • 作者相关作品
  • 分类相关作品
  • 丛书相关作品
  • 出版社相关作品

书目信息

  • 表格格式
  • 工作单格式
  • 卡片格式
题名:
财务管理学经典教材习题详解
    
 
作者: 陈胜权 主编
分册:  
出版信息: 北京   对外经济贸易大学出版社  2005
页数: 456页
开本: 21cm
丛书名: 财经类经典教材习题详解系列
单 册:
中图分类: F275-44
科图分类:
主题词: 企业管理--财务管理--解题--高等学校 , 企业管理 , 财务管理
电子资源:
ISBN: 7-81078-544-3
000 00883nam0 2200253 450
001 003052704
005 20061116164825.95
010    @a7-81078-544-3@dCNY25.00
100    @a20060104d2005 em y0chiy0110 ea
101 0  @achi
102    @aCN@b110000
105    @ay zq 000yy
200 1  @a财务管理学经典教材习题详解@9cai wu guan li xue jing dian jiao cai xi ti xiang jie@f陈胜权主编
210    @a北京@c对外经济贸易大学出版社@d2005
215    @a456页@d21cm
225 1  @a财经类经典教材习题详解系列
330    @a全书分为13章,每章以选择题、概念题、简答题、计算题、论述题等的形式精选和整理了财务管理学教材的重要知识,并精选属于各章的部分课后习题。
606 0  @a企业管理@x财务管理@x解题@x高等学校
606 0  @a企业管理
606 0  @a财务管理
690    @aF275-44@v4
701  0 @a陈胜权@9chen sheng quan@c(经济)@4主编
801  0 @aCN@bNLC@c20061116
905    @a10447@dF275-44@e307
    
    财务管理学经典教材习题详解/陈胜权主编.-北京:对外经济贸易大学出版社,2005
    456页;21cm.-(财经类经典教材习题详解系列)
    
    
    ISBN 7-81078-544-3:CNY25.00
    全书分为13章,每章以选择题、概念题、简答题、计算题、论述题等的形式精选和整理了财务管理学教材的重要知识,并精选属于各章的部分课后习题。
●
相关链接 在E读中查询图书 在五车中查询图书 在当当中查询图书 在豆瓣中查询图书


正题名:财务管理学经典教材习题详解     索取号:F275-44/307         预约/预借

序号 登录号 条形码 馆藏地/架位号 状态 备注
1 0389274   203892742   第一样本阅览室/ [索取号:F275-44/307] 在馆    
2 0389275   203892751   第一借阅区/ [索取号:F275-44/307] 在馆    
3 0389276   203892760   第一借阅区/ [索取号:F275-44/307] 在馆    
4 0389277   203892779   第一借阅区/ [索取号:F275-44/307] 在馆    
唐山师范学院图书馆 欢迎您!
大连网信软件有限公司© 版权所有